USA: Hospodářský zázrak vhodný k následování.
Podstatu amerického hospodárskeho zázraku možno vyjadriť novou vlnou podnikateľstva. Po roku 1970 začala zamestnanosť u 500 najväčších firiem v USA vytrvale klesať. Presun zamestnancov do malých podnikov a zakladanie nových podnikov. Podnetom pre podnikateľské myslenie sa stalo vytváranie pracovných...
Salvato in:
| Autore principale: | |
|---|---|
| Natura: | Capitolo di libro |
| Lingua: | ceco |
| Soggetti: | |
| Tags: |
Nessun Tag, puoi essere il primo ad aggiungerne!!
|
MARC
| LEADER | 00000naa a2200000 4500 | ||
|---|---|---|---|
| 001 | r002255 | ||
| 005 | 20220819175959.6 | ||
| 041 | 0 | |a cze | |
| 044 | |a [CS] | ||
| 245 | 1 | 0 | |a USA: Hospodářský zázrak vhodný k následování. |c Josef Khol |
| 520 | |a Podstatu amerického hospodárskeho zázraku možno vyjadriť novou vlnou podnikateľstva. Po roku 1970 začala zamestnanosť u 500 najväčších firiem v USA vytrvale klesať. Presun zamestnancov do malých podnikov a zakladanie nových podnikov. Podnetom pre podnikateľské myslenie sa stalo vytváranie pracovných príležitostí "job creation". | ||
| 610 | 2 | 0 | |a podnikanie |
| 610 | 2 | 0 | |a podnik malý |
| 610 | 2 | 0 | |a firmy |
| 610 | 2 | 0 | |a 1970-1990 |
| 610 | 2 | 0 | |a príležitosť pracovná |
| 610 | 2 | 0 | |a podnik veľký |
| 610 | 2 | 0 | |a USA |
| 610 | 2 | 0 | |a zamestnanosť |
| 100 | 1 | |a Khol, Josef | |